Daily life mathematics / (Record no. 8029)
[ view plain ]
| 000 -LEADER | |
|---|---|
| fixed length control field | 00815nam a22002413 4500 |
| 001 - CONTROL NUMBER | |
| control field | 8029 |
| 003 - CONTROL NUMBER IDENTIFIER | |
| rucl marc code | BD-RjUL |
| 005 - DATE AND TIME OF LATEST TRANSACTION | |
| control field | 20211208234519.0 |
| 008 - FIXED-LENGTH DATA ELEMENTS--GENERAL INFORMATION | |
| fixed length control field | 140116s1953 enk 001 0 eng d |
| 035 ## - SYSTEM CONTROL NUMBER | |
| System control number | (BD-RjUL)8074 |
| -- | OCLC pks04136752 from D970827K |
| 040 ## - CATALOGING SOURCE | |
| Original cataloging agency | EQO |
| Transcribing agency | EQO |
| Language of cataloging | eng |
| Modifying agency | BD-RjUL |
| 041 ## - LANGUAGE CODE | |
| Language code of text/sound track or separate title | eng |
| 082 00 - DEWEY DECIMAL CLASSIFICATION NUMBER | |
| Edition number | 23 |
| Classification number | 510.712 |
| Author mark and year | BUD 1952-1953 |
| 100 1# - MAIN ENTRY--PERSONAL NAME | |
| Personal name | Burns, Peter Frederick. |
| 9 (RLIN) | 25051 |
| 245 10 - TITLE STATEMENT | |
| Title | Daily life mathematics / |
| Statement of responsibility, etc. | by Peter Frederick Burns ; illustrated by Paul B. Mann |
| 260 ## - PUBLICATION, DISTRIBUTION, ETC. (IMPRINT) | |
| Place of publication, distribution, etc. | London : |
| Name of publisher, distributor, etc. | Ginn and Company Ldt., |
| Date of publication, distribution, etc. | 1952-1953 [impression 1954] |
| 300 ## - PHYSICAL DESCRIPTION | |
| Pagination | Bk.. : |
| Illustrations | ill., |
| Size | 23 cm |
| 504 ## - BIBLIOGRAPHY, ETC. NOTE | |
| Bibliography, etc | Includes index. |
| 505 0# - FORMATTED CONTENTS NOTE | |
| Formatted contents note | Bk. 1-- Bk. 2-- Bk. 3 -- Bk.4 -- |
| 650 #1 - SUBJECT ADDED ENTRY--TOPICAL TERM | |
| Topical term or geographic name as entry element | Mathematics -- Study and teaching (Secondary) |
| 9 (RLIN) | 25052 |
| 700 ## - ADDED ENTRY--PERSONAL NAME | |
| Personal name | Mann, Paul B. , Ill. |
| 942 ## - ADDED ENTRY ELEMENTS (KOHA) | |
| Source of classification or shelving scheme | Dewey Decimal Classification |
| Koha item type | Books |
| Lost status | Source of classification or shelving scheme | Damaged status | Not for loan | Collection code | Permanent Location | Current Location | Shelving location | Date acquired | Source of acquisition | Cost, normal purchase price | Total Checkouts | Full call number | Date last seen | Copy number | Koha item type |
|---|---|---|---|---|---|---|---|---|---|---|---|---|---|---|---|
| Dewey Decimal Classification | Not For Loan | Non-fiction | Central Library, University of Rajshahi | Central Library, University of Rajshahi | Reading Room | 16/06/1955 | Allies Book Corporation. | 5.60 | 510.712 BUD Bk.-3 1953 | 16/01/2014 | C-1 | Books | |||
| Dewey Decimal Classification | Not For Loan | Non-fiction | Central Library, University of Rajshahi | Central Library, University of Rajshahi | Reading Room | 16/06/1955 | Allies Books Corporation, | 5.60 | 510.712 BUD Bk.-2 1952 | 24/08/2016 | C-3 | Books | |||
| Dewey Decimal Classification | Non-fiction | Central Library, University of Rajshahi | Central Library, University of Rajshahi | 15/06/1955 | Allies Books Corporation, | 5.60 | 510.712 BUD Bk.-4 1953 | 24/08/2016 | C-2 | Books | |||||
| Dewey Decimal Classification | Not For Loan | Non-fiction | Central Library, University of Rajshahi | Central Library, University of Rajshahi | Reading Room | 13/06/1955 | Allies Book | 5.60 | 510.712 BUD Bk.-1 1954 | 18/04/2017 | C-1 | Books |